Đô thị cổ Bắc Kinh

সংরক্ষণ করুন:
গ্রন্থ-পঞ্জীর বিবরন
প্রধান লেখক: Trần Hùng
বিন্যাস: গ্রন্থ
ভাষা:Vietnamese
প্রকাশিত: Xây dựng 2003
বিষয়গুলি:
ট্যাগগুলো: ট্যাগ যুক্ত করুন
কোনো ট্যাগ নেই, প্রথমজন হিসাবে ট্যাগ করুন!
Thư viện lưu trữ: Mạng thư viện Đại học Đà Nẵng
LEADER 00962nam a2200313 a 4500
001 000003539
003 00613
005 20171229145311.0
008 171229s2003 vie
040 |a LSK 
041 0 |a VIE 
082 0 |a 720.951  |b TR-H 
100 1 |a Trần Hùng 
245 0 0 |a Đô thị cổ Bắc Kinh 
260 |b Xây dựng  |c 2003 
300 |a 138 pages  |c 24 cm. 
653 |a Kiến trúc đô thị 
852 |a Phòng Đọc - Phòng Mượn 
901 |a 10 
927 |a Sách tham khảo 
OWN |a LSK 
AVA |a UDN50  |b LSK  |d 720.951 TR-H  |e available  |t Error 5001 Not defined in file expand_doc_bib_avail.  |f 10  |g 0  |h N  |i 0  |k 1 
999 |a From the UDN01 
AVA |a UDN50  |b LSK  |d 720.951 TR-H  |e available  |t Error 5001 Not defined in file expand_doc_bib_avail.  |f 10  |g 0  |h N  |i 0  |k 1 
TYP |a Monograph 
TYP |a Printed language 
980 |a Mạng thư viện Đại học Đà Nẵng